Biomass (Record no. 77638)

MARC details
000 -LEADER
fixed length control field 00767cab a2200181 4500
001 - CONTROL NUMBER
control field ##L134756
008 - FIXED-LENGTH DATA ELEMENTS--GENERAL INFORMATION
fixed length control field 060830n2006 000 0 eng u
035 ## - SYSTEM CONTROL NUMBER
System control number (Sirsi) u134756
041 0# - LANGUAGE CODE
Language code of text/sound track or separate title eng
100 1# - MAIN ENTRY--PERSONAL NAME
Personal name Impey, Louise
245 00 - TITLE STATEMENT
Title Biomass
Remainder of title more slow burn than firestorm?
260 ## - PUBLICATION, DISTRIBUTION, ETC.
Date of publication, distribution, etc. 2006
490 #0 - SERIES STATEMENT
Series statement Farmers' Weekly
Volume/sequential designation 144(21) 26 May 2006, 32-35(4)
520 ## - SUMMARY, ETC.
Summary, etc. Biomass
Expansion of summary note more slow burn than firestorm? Assesses the prospects for biomass. Looks at the potential of oilseed rape meal, miscanthus and SRC willow. Summarises the grants available for exploiting these crops. Provides further sources of information. See also L134755 and L.
651 #4 - SUBJECT ADDED ENTRY--GEOGRAPHIC NAME
Geographic name United Kingdom
Chronological subdivision
690 ## - LOCAL SUBJECT ADDED ENTRY--TOPICAL TERM (OCLC, RLIN)
Topical term or geographic name as entry element ENVIRONMENTAL AND LAND CONSULTANCY-ENERGY-RENEWABLE ENERGY
942 ## - ADDED ENTRY ELEMENTS (KOHA)
Suppress in OPAC 0
Holdings
Withdrawn status Lost status Source of classification or shelving scheme Damaged status Not for loan Home library Current library Shelving location Date acquired Total Checkouts Barcode Date last seen Copy number Price effective from Koha item type
    Dewey Decimal Classification     London London Journal article 30/08/2006   134756-1001 06/08/2019 1 06/08/2019 Journal article